[Event "La Pobla de Lillet op"]
[Site "La Pobla de Lillet ESP"]
[Date "2019.08.02"]
[Round "1.1"]
[White "Movsziszian, K."]
[Black "Tejero Royo, F."]
[Result "1-0"]
[WhiteElo "2472"]
[BlackElo "1944"]
[PlyCount "59"]
[EventDate "2019.08.02"]
[EventType "swiss"]
[EventRounds "9"]
[EventCountry "ESP"]
[SourceTitle "Ajedrez en Madrid"]
[Source "lmi"]
[SourceDate "2020.06.24"]
[SourceVersion "1"]
[SourceVersionDate "2020.06.24"]
[SourceQuality "1"]

1. g3 d5 2. Bg2 e5 3. d3 c6 4. Nf3 Bd6 5. O-O Ne7 6. e4 O-O 7. Nc3 d4 8. Ne2 f6
9. Nd2 Be6 10. f4 c5 11. f5 Bf7 12. h4 Bh5 13. Bf3 Bxf3 14. Nxf3 h5 15. Kh1 Kf7
16. c3 Qb6 17. Nd2 Rh8 18. Nc4 Qc7 19. Qb3 Ke8 20. cxd4 cxd4 21. Nxd6+ Qxd6 22.
Qxb7 Qc6 23. Qb3 Na6 24. Bd2 Rb8 25. Qa3 Qc2 26. Rad1 Rb6 27. b4 Kd7 28. Ng1
Rhb8 29. Nf3 Nxb4 30. Rc1 1-0

[Event "La Pobla de Lillet op"]
[Site "La Pobla de Lillet ESP"]
[Date "2019.08.02"]
[Round "1.1"]
[White "Vidal Moll, F."]
[Black "Marin Aso, JL."]
[Result "0-1"]
[WhiteElo "1500"]
[BlackElo "1908"]
[PlyCount "86"]
[EventDate "2019.08.02"]
[EventType "swiss"]
[EventRounds "9"]
[EventCountry "ESP"]
[SourceTitle "Ajedrez en Madrid"]
[Source "lmi"]
[SourceDate "2020.06.24"]
[SourceVersion "1"]
[SourceVersionDate "2020.06.24"]
[SourceQuality "1"]

1. d4 Nf6 2. e3 c5 3. Bd3 g6 4. f4 Bg7 5. c3 d6 6. Nf3 O-O 7. O-O Nc6 8. Bc2 e5
9. d5 Ne7 10. e4 exf4 11. Bxf4 Nh5 12. Bg5 f6 13. Bd2 Qe8 14. c4 f5 15. Nc3 Nf6
16. Qc1 fxe4 17. Nxe4 Nxe4 18. Bxe4 Nf5 19. Re1 Nd4 20. Bh6 Nxf3+ 21. Bxf3 Qf7
22. Bxg7 Qxg7 23. Qc3 Qxc3 24. bxc3 Bf5 25. Be4 Bd7 26. Bd3 Rae8 27. Rxe8 Rxe8
28. Kf2 Kf7 29. Re1 Rxe1 30. Kxe1 Kf6 31. Kf2 Bf5 32. Be2 Ke5 33. Ke3 Bb1 34.
a3 Be4 35. Bf3 Bxf3 36. Kxf3 a6 37. Ke3 b5 38. cxb5 axb5 39. c4 bxc4 40. a4
Kxd5 41. Kd2 Kc6 42. Kc3 d5 43. g4 g5 0-1

[Event "La Pobla de Lillet op"]
[Site "La Pobla de Lillet ESP"]
[Date "2019.08.02"]
[Round "1.2"]
[White "Soler Bel, J."]
[Black "Molins Molina, J."]
[Result "1-0"]
[WhiteElo "1881"]
[BlackElo "1494"]
[PlyCount "73"]
[EventDate "2019.08.02"]
[EventType "swiss"]
[EventRounds "9"]
[EventCountry "ESP"]
[SourceTitle "Ajedrez en Madrid"]
[Source "lmi"]
[SourceDate "2020.06.24"]
[SourceVersion "1"]
[SourceVersionDate "2020.06.24"]
[SourceQuality "1"]

1. e4 e5 2. Nf3 Nc6 3. Bb5 Bc5 4. c3 d6 5. d4 exd4 6. cxd4 Bb4+ 7. Nc3 Bd7 8.
O-O h6 9. Re1 Nge7 10. Bf4 O-O 11. Qd2 Ng6 12. Be3 a6 13. Bxc6 Bxc6 14. d5 Bd7
15. a3 Bc5 16. Bxc5 dxc5 17. Qe3 b6 18. h3 Qe7 19. Rad1 Rae8 20. e5 Qd8 21. e6
fxe6 22. dxe6 Rxe6 23. Qxe6+ Bxe6 24. Rxd8 Rxd8 25. Rxe6 Nf4 26. Re7 c6 27. Ne5
Nd5 28. Nxd5 cxd5 29. Rd7 Rxd7 30. Nxd7 Kf7 31. Kf1 Ke6 32. Nxb6 d4 33. Ke2 Kd6
34. Kd3 Kc6 35. Nc4 Kd5 36. f4 a5 37. Nxa5 1-0

[Event "La Pobla de Lillet op"]
[Site "La Pobla de Lillet ESP"]
[Date "2019.08.02"]
[Round "1.3"]
[White "Aballanet Beltran, E."]
[Black "Pla Carulla, J."]
[Result "1-0"]
[WhiteElo "1475"]
[BlackElo "1796"]
[PlyCount "69"]
[EventDate "2019.08.02"]
[EventType "swiss"]
[EventRounds "9"]
[EventCountry "ESP"]
[SourceTitle "Ajedrez en Madrid"]
[Source "lmi"]
[SourceDate "2020.06.24"]
[SourceVersion "1"]
[SourceVersionDate "2020.06.24"]
[SourceQuality "1"]

1. e4 e5 2. Nf3 d6 3. Nc3 Nf6 4. h3 h6 5. Bc4 Nc6 6. O-O Bd7 7. d3 a6 8. Ne2
Na5 9. Bb3 Be7 10. Ng3 Nxb3 11. axb3 O-O 12. Re1 Re8 13. c4 c5 14. Bd2 a5 15.
Nh4 Kh7 16. Nhf5 Bf8 17. f4 Ng8 18. Rf1 f6 19. Nh4 b6 20. f5 Ra7 21. Ng6 Qc7
22. Nh5 Bc6 23. g4 Qf7 24. Qe1 Rea8 25. Kg2 Ne7 26. Qh4 Ng8 27. g5 fxg5 28.
Bxg5 Ne7 29. Bxe7 Bxe7 30. Nxe7 Rxe7 31. Kh2 Ree8 32. Rg1 Rg8 33. Rg6 Be8 34.
Rag1 Qf8 35. Rxg7+ 1-0

[Event "La Pobla de Lillet op"]
[Site "La Pobla de Lillet ESP"]
[Date "2019.08.02"]
[Round "1.3"]
[White "Cervello Tost, F."]
[Black "Srdoc, N."]
[Result "1-0"]
[WhiteElo "2367"]
[BlackElo "1925"]
[PlyCount "51"]
[EventDate "2019.08.02"]
[EventType "swiss"]
[EventRounds "9"]
[EventCountry "ESP"]
[SourceTitle "Ajedrez en Madrid"]
[Source "lmi"]
[SourceDate "2020.06.24"]
[SourceVersion "1"]
[SourceVersionDate "2020.06.24"]
[SourceQuality "1"]

1. d4 d5 2. Nf3 c6 3. g3 Nf6 4. Bg2 h6 5. O-O Bf5 6. c4 dxc4 7. Ne5 Nbd7 8.
Nxc4 e6 9. Nc3 Be7 10. e4 Bh7 11. d5 cxd5 12. exd5 Nb6 13. Nxb6 Qxb6 14. dxe6
Qxe6 15. Re1 Rd8 16. Qa4+ Qd7 17. Qxd7+ Rxd7 18. Be3 O-O 19. Bxa7 Bb4 20. a3
Ba5 21. b4 Bd8 22. Bc5 Re8 23. Red1 Be7 24. Rxd7 Nxd7 25. Bxe7 Rxe7 26. Bxb7
1-0

[Event "La Pobla de Lillet op"]
[Site "La Pobla de Lillet ESP"]
[Date "2019.08.02"]
[Round "1.4"]
[White "Casamitjana Nuñez, A."]
[Black "Solsona Manonelles, J."]
[Result "1/2-1/2"]
[WhiteElo "1788"]
[BlackElo "1470"]
[PlyCount "53"]
[EventDate "2019.08.02"]
[EventType "swiss"]
[EventRounds "9"]
[EventCountry "ESP"]
[SourceTitle "Ajedrez en Madrid"]
[Source "lmi"]
[SourceDate "2020.06.24"]
[SourceVersion "1"]
[SourceVersionDate "2020.06.24"]
[SourceQuality "1"]

1. e4 e6 2. d4 d5 3. e5 c5 4. c3 Nc6 5. Nf3 cxd4 6. cxd4 Bb4+ 7. Nc3 Nge7 8. a3
Qa5 9. Bd2 Bxc3 10. Bxc3 Qb6 11. Bd3 Bd7 12. O-O Nf5 13. Bxf5 exf5 14. Re1 Be6
15. Qd2 O-O 16. Qf4 Rfe8 17. Nh4 g6 18. Qh6 Nxd4 19. Bxd4 Qxd4 20. Nf3 Qg4 21.
Ng5 Qh5 22. Qxh5 gxh5 23. Re3 f4 24. Rd3 Rac8 25. g3 h6 26. Nxe6 fxe6 27. gxf4
1/2-1/2

[Event "La Pobla de Lillet op"]
[Site "La Pobla de Lillet ESP"]
[Date "2019.08.02"]
[Round "1.4"]
[White "Vargas Drechsler, C."]
[Black "Gomez Jurado, LA."]
[Result "0-1"]
[WhiteElo "1915"]
[BlackElo "2293"]
[PlyCount "64"]
[EventDate "2019.08.02"]
[EventType "swiss"]
[EventRounds "9"]
[EventCountry "ESP"]
[SourceTitle "Ajedrez en Madrid"]
[Source "lmi"]
[SourceDate "2020.06.24"]
[SourceVersion "1"]
[SourceVersionDate "2020.06.24"]
[SourceQuality "1"]

1. e4 c5 2. c3 e6 3. d4 d5 4. Bd3 Nc6 5. Nf3 Nf6 6. e5 Nd7 7. O-O Be7 8. Be3
Qb6 9. Qc2 cxd4 10. Bxd4 Bc5 11. Bxc5 Qxc5 12. Re1 Qe7 13. Nbd2 a6 14. Nb3 g5
15. Nbd4 g4 16. Nxc6 bxc6 17. Nd4 Bb7 18. b4 Qg5 19. Qe2 h5 20. Nb3 h4 21. Na5
Rb8 22. Bxa6 Bxa6 23. Qxa6 Nxe5 24. Kh1 h3 25. g3 Qf5 26. Qe2 c5 27. Nb3 Nd3
28. Nxc5 Nxc5 29. bxc5 Rb2 30. Qe3 Rxf2 31. Rab1 O-O 32. c6 d4 0-1

[Event "La Pobla de Lillet op"]
[Site "La Pobla de Lillet ESP"]
[Date "2019.08.02"]
[Round "1.5"]
[White "Povill Claros, X."]
[Black "Corrigüelas Armillas, F."]
[Result "1-0"]
[WhiteElo "2276"]
[BlackElo "1913"]
[PlyCount "83"]
[EventDate "2019.08.02"]
[EventType "swiss"]
[EventRounds "9"]
[EventCountry "ESP"]
[SourceTitle "Ajedrez en Madrid"]
[Source "lmi"]
[SourceDate "2020.06.24"]
[SourceVersion "1"]
[SourceVersionDate "2020.06.24"]
[SourceQuality "1"]

1. e4 c5 2. Nf3 Nc6 3. d4 cxd4 4. Nxd4 Nf6 5. Nc3 d6 6. f3 e5 7. Nb3 Be7 8. Be3
Be6 9. Nd5 Bxd5 10. exd5 Nb4 11. c4 O-O 12. Qd2 Na6 13. Na5 Qd7 14. Be2 Bd8 15.
O-O Bb6 16. Bxb6 axb6 17. Nb3 b5 18. cxb5 Nc7 19. Bc4 Nxb5 20. a4 Nc7 21. Na5
Na6 22. b4 Qc7 23. Bxa6 Qb6+ 24. Kh1 Qxa6 25. Rfc1 Rfc8 26. h3 h6 27. Rxc8+
Rxc8 28. b5 Qb6 29. Nb3 Rc4 30. Qd3 Qc7 31. b6 Qc8 32. a5 Rc3 33. Qb5 Qc4 34.
Qxc4 Rxc4 35. a6 bxa6 36. Rxa6 Rb4 37. Na5 Nd7 38. b7 Rb5 39. Rxd6 Rxa5 40.
Rxd7 Rb5 41. d6 Kh7 42. Rc7 1-0

[Event "La Pobla de Lillet op"]
[Site "La Pobla de Lillet ESP"]
[Date "2019.08.02"]
[Round "1.5"]
[White "Serralvo Martinez, J."]
[Black "Puig Carres, J."]
[Result "0-1"]
[WhiteElo "1458"]
[BlackElo "1673"]
[PlyCount "52"]
[EventDate "2019.08.02"]
[EventType "swiss"]
[EventRounds "9"]
[EventCountry "ESP"]
[SourceTitle "Ajedrez en Madrid"]
[Source "lmi"]
[SourceDate "2020.06.24"]
[SourceVersion "1"]
[SourceVersionDate "2020.06.24"]
[SourceQuality "1"]

1. d4 d5 2. c4 dxc4 3. Nf3 c6 4. Nc3 Nf6 5. e3 b5 6. Ne5 e6 7. Qf3 Qb6 8. a4
Bb4 9. axb5 O-O 10. bxc6 Nd5 11. Bd2 Nxc6 12. Nxc4 Qd8 13. Bd3 Bb7 14. O-O Nf6
15. Qe2 Re8 16. Nb5 Be7 17. Bc3 Qd7 18. Na5 Nxa5 19. Rxa5 a6 20. Na3 Qc6 21.
Rg5 h6 22. Rxg7+ Kxg7 23. d5 Qxd5 24. e4 Qg5 25. g4 Qc5 26. Kh1 Rg8 0-1

[Event "La Pobla de Lillet op"]
[Site "La Pobla de Lillet ESP"]
[Date "2019.08.02"]
[Round "1.6"]
[White "Basas Gamazo, J."]
[Black "Touzane, O."]
[Result "0-1"]
[WhiteElo "1906"]
[BlackElo "2268"]
[PlyCount "70"]
[EventDate "2019.08.02"]
[EventType "swiss"]
[EventRounds "9"]
[EventCountry "ESP"]
[SourceTitle "Ajedrez en Madrid"]
[Source "lmi"]
[SourceDate "2020.06.24"]
[SourceVersion "1"]
[SourceVersionDate "2020.06.24"]
[SourceQuality "1"]

1. e4 c5 2. Nf3 d6 3. d4 cxd4 4. Nxd4 Nf6 5. Nc3 a6 6. Be3 Ng4 7. Bc1 Nf6 8.
Be3 e5 9. Nb3 Be7 10. f3 Be6 11. Qd2 h5 12. O-O-O Nbd7 13. Kb1 Rc8 14. h3 Qc7
15. Rg1 h4 16. f4 b5 17. f5 Bc4 18. a3 Nb6 19. Qf2 Na4 20. Nxa4 bxa4 21. Bb6
Qb8 22. Nd2 Bxf1 23. Rgxf1 d5 24. Ba7 Qb7 25. Qb6 Rc7 26. Qxb7 Rxb7 27. Bf2
Bxa3 28. b3 axb3 29. exd5 bxc2+ 30. Kxc2 O-O 31. Ra1 Rb2+ 32. Kd3 Rd8 33. Nc4
Rxd5+ 34. Ke3 Bc5+ 35. Kf3 e4+ 0-1

[Event "La Pobla de Lillet op"]
[Site "La Pobla de Lillet ESP"]
[Date "2019.08.02"]
[Round "1.6"]
[White "Taltavull Hidalgo, A."]
[Black "Rossell Aran, J."]
[Result "1-0"]
[WhiteElo "1648"]
[BlackElo "1456"]
[PlyCount "49"]
[EventDate "2019.08.02"]
[EventType "swiss"]
[EventRounds "9"]
[EventCountry "ESP"]
[SourceTitle "Ajedrez en Madrid"]
[Source "lmi"]
[SourceDate "2020.06.24"]
[SourceVersion "1"]
[SourceVersionDate "2020.06.24"]
[SourceQuality "1"]

1. e4 g6 2. d4 Bg7 3. g3 d6 4. Bg2 Nf6 5. Ne2 O-O 6. O-O Nc6 7. h3 Bd7 8. Be3
Qc8 9. Kh2 e5 10. d5 Ne7 11. f4 exf4 12. Nxf4 Ne8 13. Bd4 f5 14. Bxg7 Nxg7 15.
Qe2 fxe4 16. Qxe4 Nef5 17. g4 Nh4 18. Nc3 Nxg2 19. Nxg2 Rxf1 20. Rxf1 Qe8 21.
Qf4 Qf8 22. Ne4 Bb5 23. Nf6+ Kh8 24. Qh6 Qg8 25. Nxg8 1-0

[Event "La Pobla de Lillet op"]
[Site "La Pobla de Lillet ESP"]
[Date "2019.08.02"]
[Round "1.7"]
[White "Bravo Barranco, N."]
[Black "Guasch Murtra, JM."]
[Result "1-0"]
[WhiteElo "2246"]
[BlackElo "1891"]
[PlyCount "71"]
[EventDate "2019.08.02"]
[EventType "swiss"]
[EventRounds "9"]
[EventCountry "ESP"]
[SourceTitle "Ajedrez en Madrid"]
[Source "lmi"]
[SourceDate "2020.06.24"]
[SourceVersion "1"]
[SourceVersionDate "2020.06.24"]
[SourceQuality "1"]

1. e4 c6 2. d4 d5 3. e5 Bf5 4. Nf3 e6 5. Be2 c5 6. O-O h6 7. Be3 c4 8. b3 b5 9.
a4 Nd7 10. axb5 cxb3 11. cxb3 Nb6 12. Nc3 Bb4 13. Na2 Bf8 14. Qd2 g5 15. Nb4
Bxb4 16. Qxb4 Ne7 17. Rfc1 O-O 18. h4 g4 19. Nh2 h5 20. Bg5 Re8 21. Bf6 Kh7 22.
f3 g3 23. Nf1 Qd7 24. Nxg3 Bg6 25. f4 Ng8 26. Bg5 f6 27. exf6 Qf7 28. Qd6 Rad8
29. Qc7 Rd7 30. Qe5 Nc8 31. Rc6 Nb6 32. Rac1 Kh8 33. Nxh5 Nc4 34. bxc4 dxc4 35.
Ng7 Rd5 36. Qe3 1-0

[Event "La Pobla de Lillet op"]
[Site "La Pobla de Lillet ESP"]
[Date "2019.08.02"]
[Round "1.8"]
[White "Codina Calvo, D."]
[Black "Perez Garcia, A."]
[Result "1-0"]
[WhiteElo "1863"]
[BlackElo "2196"]
[PlyCount "117"]
[EventDate "2019.08.02"]
[EventType "swiss"]
[EventRounds "9"]
[EventCountry "ESP"]
[SourceTitle "Ajedrez en Madrid"]
[Source "lmi"]
[SourceDate "2020.06.24"]
[SourceVersion "1"]
[SourceVersionDate "2020.06.24"]
[SourceQuality "1"]

1. e4 c6 2. d4 d5 3. exd5 cxd5 4. Bd3 Nc6 5. c3 Nf6 6. Bf4 Bg4 7. Qb3 Qc8 8.
Nd2 e6 9. Ngf3 Be7 10. O-O Bh5 11. Rfe1 O-O 12. Qc2 Bg6 13. Ne5 Bxd3 14. Qxd3
Nxe5 15. dxe5 Nd7 16. Qg3 Re8 17. Re3 Nf8 18. Nf3 Ng6 19. Bg5 Qc4 20. h4 Bxg5
21. Qxg5 Qf4 22. Qxf4 Nxf4 23. Nd4 a6 24. g3 Ng6 25. h5 Ne7 26. Kg2 Rec8 27.
Rh1 b5 28. Rh4 Rc4 29. Rf4 Nc6 30. Nxc6 Rxc6 31. Ref3 Ra7 32. a4 Rc4 33. Rd3
Rxf4 34. gxf4 Rc7 35. Rd4 Kf8 36. axb5 axb5 37. f5 Ke7 38. fxe6 fxe6 39. Rb4
Rb7 40. Kf3 Kd7 41. Kg4 Kc6 42. Kg5 Rf7 43. f4 Kc5 44. Rb3 Ra7 45. f5 exf5 46.
Kxf5 Ra1 47. Ke6 Re1 48. Ra3 d4 49. Ra7 d3 50. Rd7 Kc4 51. Rd4+ Kb3 52. Rxd3
Kxb2 53. Kd6 Kc2 54. Rd5 Kxc3 55. Rxb5 Kc4 56. Rd5 g5 57. hxg6 hxg6 58. e6 Re4
59. Re5 1-0

[Event "La Pobla de Lillet op"]
[Site "La Pobla de Lillet ESP"]
[Date "2019.08.02"]
[Round "1.8"]
[White "Gamisans Cassi, M."]
[Black "Begara Rodriguez, D."]
[Result "1-0"]
[WhiteElo "1647"]
[BlackElo "1430"]
[PlyCount "113"]
[EventDate "2019.08.02"]
[EventType "swiss"]
[EventRounds "9"]
[EventCountry "ESP"]
[SourceTitle "Ajedrez en Madrid"]
[Source "lmi"]
[SourceDate "2020.06.24"]
[SourceVersion "1"]
[SourceVersionDate "2020.06.24"]
[SourceQuality "1"]

1. f4 e6 2. Nf3 b6 3. b3 Bb7 4. e3 Nf6 5. Bb2 Nc6 6. Be2 d5 7. O-O Be7 8. Ne5
d4 9. Nxc6 Bxc6 10. Bxd4 O-O 11. d3 Bb7 12. Nd2 c5 13. Bb2 Nd5 14. Rf3 Nf6 15.
Rg3 g6 16. Bf3 Bxf3 17. Qxf3 Qd5 18. e4 Qh5 19. Rh3 Qxf3 20. Nxf3 Ng4 21. Rg3
Nf6 22. Ne5 Bd6 23. Ng4 Nxg4 24. Rxg4 f5 25. Rh4 fxe4 26. f5 exf5 27. dxe4 fxe4
28. Rxe4 Rae8 29. Rae1 Rxe4 30. Rxe4 Kf7 31. Rh4 Kg8 32. Rh3 c4 33. Rh4 cxb3
34. axb3 Bf4 35. Rh3 Bd6 36. Rd3 Bc5+ 37. Bd4 Rd8 38. Bxc5 Rxd3 39. cxd3 bxc5
40. Kf2 Kf7 41. Ke3 Ke6 42. Ke4 a5 43. g3 g5 44. g4 h6 45. h3 Kd6 46. Kf5 Kd5
47. Kg6 Kd4 48. Kxh6 Kc3 49. Kxg5 Kxb3 50. Kf5 a4 51. g5 a3 52. g6 a2 53. g7
a1=Q 54. g8=Q+ Kc2 55. Qc4+ Qc3 56. Qxc3+ Kxc3 57. Ke4 1-0

[Event "La Pobla de Lillet op"]
[Site "La Pobla de Lillet ESP"]
[Date "2019.08.02"]
[Round "1.9"]
[White "Capellades Subirana, M."]
[Black "Povill Batlle, R."]
[Result "1-0"]
[WhiteElo "2194"]
[BlackElo "1853"]
[PlyCount "57"]
[EventDate "2019.08.02"]
[EventType "swiss"]
[EventRounds "9"]
[EventCountry "ESP"]
[SourceTitle "Ajedrez en Madrid"]
[Source "lmi"]
[SourceDate "2020.06.24"]
[SourceVersion "1"]
[SourceVersionDate "2020.06.24"]
[SourceQuality "1"]

1. e4 c5 2. Nf3 Nc6 3. Nc3 g6 4. d4 cxd4 5. Nxd4 Bg7 6. Be3 d6 7. Qd2 Nf6 8. f3
Bd7 9. O-O-O Rc8 10. g4 Nxd4 11. Bxd4 Qa5 12. Kb1 Be6 13. a3 a6 14. h4 h6 15.
Rh2 Qc7 16. Nd5 Bxd5 17. exd5 O-O 18. h5 g5 19. c4 b5 20. cxb5 axb5 21. Bxb5
Rb8 22. a4 Nd7 23. Bxg7 Kxg7 24. f4 f6 25. Qd3 Rh8 26. Re2 Nc5 27. Qg6+ Kf8 28.
Rde1 Rg8 29. Qxh6+ 1-0

[Event "La Pobla de Lillet op"]
[Site "La Pobla de Lillet ESP"]
[Date "2019.08.02"]
[Round "1.10"]
[White "Garcia Galeote, L."]
[Black "Ayza Ballester, J."]
[Result "0-1"]
[WhiteElo "1849"]
[BlackElo "2181"]
[PlyCount "100"]
[EventDate "2019.08.02"]
[EventType "swiss"]
[EventRounds "9"]
[EventCountry "ESP"]
[SourceTitle "Ajedrez en Madrid"]
[Source "lmi"]
[SourceDate "2020.06.24"]
[SourceVersion "1"]
[SourceVersionDate "2020.06.24"]
[SourceQuality "1"]

1. d4 c5 2. e3 Nf6 3. Nf3 d5 4. Bd3 Bg4 5. O-O Nc6 6. b3 cxd4 7. Bb5 dxe3 8.
Bxe3 e6 9. h3 Bh5 10. g4 Bg6 11. Ne5 Qc7 12. Bd4 a6 13. Bxc6+ bxc6 14. Nd2 Nd7
15. Ndf3 Nxe5 16. Nxe5 Bd6 17. Re1 O-O 18. Qe2 Be4 19. f3 Bxe5 20. Bxe5 Qxe5
21. fxe4 Qc3 22. Qd3 Qc5+ 23. Kg2 Rac8 24. Re2 a5 25. Rd1 Rcd8 26. Red2 h6 27.
Qg3 Rb8 28. g5 hxg5 29. Qxg5 Rb4 30. c4 f6 31. Qg6 Qe3 32. exd5 cxd5 33. cxd5
Rb5 34. Qg4 f5 35. Qg6 Qe4+ 36. Kh2 Rxd5 37. Rxd5 exd5 38. Rg1 Qe5+ 39. Kh1 d4
40. Qa6 Qe4+ 41. Kh2 Qe5+ 42. Kh1 Re8 43. Qc4+ Kh8 44. Rd1 Qe4+ 45. Kh2 Qf4+
46. Kg2 Re3 47. Qf1 Qe4+ 48. Kg1 Re2 49. Rc1 Qe3+ 50. Kh1 Qe5 0-1

[Event "La Pobla de Lillet op"]
[Site "La Pobla de Lillet ESP"]
[Date "2019.08.02"]
[Round "1.10"]
[White "Molina Mañas, M."]
[Black "Taltavull Hidalgo, J."]
[Result "0-1"]
[WhiteElo "1613"]
[BlackElo "1334"]
[PlyCount "110"]
[EventDate "2019.08.02"]
[EventType "swiss"]
[EventRounds "9"]
[EventCountry "ESP"]
[SourceTitle "Ajedrez en Madrid"]
[Source "lmi"]
[SourceDate "2020.06.24"]
[SourceVersion "1"]
[SourceVersionDate "2020.06.24"]
[SourceQuality "1"]

1. c4 c5 2. Nc3 Nc6 3. Nf3 g6 4. g3 Bg7 5. Bg2 e6 6. O-O Nge7 7. Ne4 d5 8. cxd5
Qxd5 9. d3 b6 10. Nfd2 Qd7 11. Nc4 O-O 12. Ncd6 Ba6 13. Qa4 Bb7 14. Nxb7 Qxb7
15. Rb1 Nd5 16. Nc3 Nd4 17. e3 Nxc3 18. bxc3 Ne2+ 19. Kh1 Qc8 20. Qc2 Nxc3 21.
Rb3 Nd5 22. Bb2 Bh6 23. e4 Nb4 24. Qc4 Nxa2 25. Bf6 Bg7 26. e5 Bxf6 27. exf6
Rb8 28. Ra1 Nb4 29. Rxa7 Qd8 30. Re7 Qd6 31. d4 Nc6 32. Bxc6 Qxc6+ 33. Kg1 Qe4
34. Qd3 Qxd4 35. Qxd4 cxd4 36. Rd7 Rfd8 37. Rxd8+ Rxd8 38. Rxb6 d3 39. Rb1 e5
40. Kf1 e4 41. Ke1 h5 42. Kd2 Rd6 43. f4 exf3 44. Rf1 Rxf6 45. Kxd3 g5 46. Ke4
g4 47. Ke5 Kg7 48. Ke4 Kg6 49. Ke3 Kg5 50. Kf2 Re6 51. h4+ gxh3 52. Rh1 Kg4 53.
Rb1 Re2+ 54. Kg1 Kxg3 55. Rf1 f2+ 0-1

[Event "La Pobla de Lillet op"]
[Site "La Pobla de Lillet ESP"]
[Date "2019.08.03"]
[Round "2.1"]
[White "Garcia Escoda, M."]
[Black "Movsziszian, K."]
[Result "0-1"]
[WhiteElo "2067"]
[BlackElo "2472"]
[PlyCount "58"]
[EventDate "2019.08.02"]
[EventType "swiss"]
[EventRounds "9"]
[EventCountry "ESP"]
[SourceTitle "Ajedrez en Madrid"]
[Source "lmi"]
[SourceDate "2020.06.24"]
[SourceVersion "1"]
[SourceVersionDate "2020.06.24"]
[SourceQuality "1"]

1. e4 g6 2. d4 Bg7 3. Nc3 a6 4. f4 d6 5. Nf3 Nd7 6. e5 Nh6 7. Ng5 O-O 8. e6 Nf6
9. exf7+ Nxf7 10. Nxf7 Rxf7 11. Bc4 d5 12. Be2 c5 13. Be3 Ng4 14. Bxg4 Bxg4 15.
Qxg4 cxd4 16. Qe6 dxc3 17. O-O-O cxb2+ 18. Kb1 Qc8 19. Qxd5 e6 20. Qe4 Qe8 21.
Rhe1 Rd7 22. Bd4 Rad8 23. c3 Kf7 24. Kxb2 Rd5 25. Ka1 R8d6 26. Rd3 Qd7 27. Red1
b5 28. Qe3 b4 29. R3d2 bxc3 0-1

[Event "La Pobla de Lillet op"]
[Site "La Pobla de Lillet ESP"]
[Date "2019.08.03"]
[Round "2.1"]
[White "Marin Aso, JL."]
[Black "Bosch Ricart, J."]
[Result "1-0"]
[WhiteElo "1908"]
[BlackElo "1572"]
[PlyCount "85"]
[EventDate "2019.08.02"]
[EventType "swiss"]
[EventRounds "9"]
[EventCountry "ESP"]
[SourceTitle "Ajedrez en Madrid"]
[Source "lmi"]
[SourceDate "2020.06.24"]
[SourceVersion "1"]
[SourceVersionDate "2020.06.24"]
[SourceQuality "1"]

1. c4 Nf6 2. Nc3 d5 3. cxd5 Nxd5 4. g3 e6 5. Bg2 Be7 6. Nf3 Nd7 7. O-O O-O 8.
d3 Bf6 9. Bd2 c6 10. Rc1 Nxc3 11. Bxc3 Re8 12. Nd2 Bxc3 13. bxc3 Nf6 14. Rb1
Nd5 15. Qc2 Qc7 16. e4 Ne7 17. d4 b6 18. f4 Bb7 19. c4 f5 20. c5 Rad8 21. Nb3
Bc8 22. Rfe1 fxe4 23. Bxe4 Nf5 24. cxb6 axb6 25. Qxc6 Qxc6 26. Bxc6 Rf8 27.
Rbd1 Rd6 28. Be4 Ne7 29. Rc1 g6 30. Rc7 Nf5 31. Bxf5 gxf5 32. Rec1 Ba6 33. Ra7
Bb5 34. Rcc7 Rfd8 35. Rg7+ Kh8 36. Rxh7+ Kg8 37. Rhc7 R8d7 38. Rxd7 Bxd7 39.
Kf2 Bc6 40. Ke3 Bd5 41. Ra6 Rc6 42. Kd2 Bc4 43. Na5 1-0

[Event "La Pobla de Lillet op"]
[Site "La Pobla de Lillet ESP"]
[Date "2019.08.03"]
[Round "2.2"]
[White "Cort Hidalgo, J."]
[Black "Soler Bel, J."]
[Result "1/2-1/2"]
[WhiteElo "1584"]
[BlackElo "1881"]
[PlyCount "78"]
[EventDate "2019.08.02"]
[EventType "swiss"]
[EventRounds "9"]
[EventCountry "ESP"]
[SourceTitle "Ajedrez en Madrid"]
[Source "lmi"]
[SourceDate "2020.06.24"]
[SourceVersion "1"]
[SourceVersionDate "2020.06.24"]
[SourceQuality "1"]

1. e4 e6 2. d4 d5 3. Nc3 Bb4 4. Bd2 dxe4 5. Nxe4 Qxd4 6. Nc3 Nf6 7. Nf3 Qb6 8.
Bd3 c6 9. O-O Nbd7 10. Qe2 Be7 11. Rfe1 O-O 12. Ne4 Re8 13. Bc3 Nf8 14. Nxf6+
Bxf6 15. Ne5 Ng6 16. Qh5 Qc7 17. Re3 Nf4 18. Qxh7+ Kf8 19. Ng6+ Nxg6 20. Bxf6
gxf6 21. Bxg6 e5 22. Rf3 f5 23. Qh8+ Ke7 24. Qg7 Rf8 25. Rh3 Be6 26. Bh7 Ke8
27. Rh6 Qe7 28. Qxe5 Rd8 29. Re1 Rd5 30. Qf4 Kd7 31. Rh5 Qf6 32. Qb4 Rb8 33. c4
Qd4 34. Bxf5 Rxf5 35. Rxf5 Bxf5 36. Qe7+ Kc8 37. Qf8+ Kc7 38. Qe7+ Kb6 39. Qb4+
Kc7 1/2-1/2

[Event "La Pobla de Lillet op"]
[Site "La Pobla de Lillet ESP"]
[Date "2019.08.03"]
[Round "2.2"]
[White "Viñals Rioja, J."]
[Black "Cervello Tost, F."]
[Result "0-1"]
[WhiteElo "2051"]
[BlackElo "2367"]
[PlyCount "80"]
[EventDate "2019.08.02"]
[EventType "swiss"]
[EventRounds "9"]
[EventCountry "ESP"]
[SourceTitle "Ajedrez en Madrid"]
[Source "lmi"]
[SourceDate "2020.06.24"]
[SourceVersion "1"]
[SourceVersionDate "2020.06.24"]
[SourceQuality "1"]

1. d4 Nf6 2. Nf3 e6 3. Bf4 b6 4. e3 Bb7 5. Bd3 Be7 6. h3 Ne4 7. Nbd2 f5 8. c3
O-O 9. Qc2 d5 10. Ne5 c5 11. Nxe4 fxe4 12. Be2 cxd4 13. cxd4 Bb4+ 14. Kf1 Bd6
15. g4 Bxe5 16. Bxe5 Qh4 17. Rh2 Nc6 18. Bd6 Rf7 19. Kg1 Rc8 20. Bg3 Qe7 21.
Qd2 e5 22. Rc1 exd4 23. exd4 Rff8 24. Kg2 Qf6 25. Rd1 Nd8 26. Rhh1 Ne6 27. Rhf1
g5 28. Be5 Nf4+ 29. Bxf4 gxf4 30. Bb5 Rc7 31. Rc1 Rg7 32. f3 h5 33. Be2 hxg4
34. hxg4 Qh4 35. Qe1 exf3+ 36. Bxf3 Rxg4+ 37. Bxg4 Qxg4+ 38. Kh2 Qh5+ 39. Kg1
Re8 40. Qf2 Re2 0-1